000 01171nam a22002537a 4500
001 4422
003 FISKH
005 20240912143517.0
008 240904b cb ||||| |||| 00| 0 eng d
020 _a9780143202752
040 _aFISKH
_beng
_cFISKH
_dFISKH
050 _aPR9639.P37
082 _2823.3
100 _aPark, Ruth
_d(1917–2010)
245 _aThe harp in the south /
_cBy Ruth Park
250 _aThis edition published 2009
260 _aLondon :
_bPenguin,
_c1951.
300 _a225 pages :
_c18cm
520 _aAn Australian classic, this is the story of the Darcy family who live in the Depression era tenements of Surry Hills, Sydney. Hugh and Margaret Darcy are raising their family in Sydney amid the brothels, grog shops and run-down boarding houses of Surry Hills, where money is scarce and life is not easy. Filled with beautifully drawn characters that will make you laugh as much as cry, this Australian classic will take you straight back to the colourful slums of Sydney with convincing depth, careful detail and great heart.
650 _2Fiction
_vFamily
_ySydney
650 _2Poverty
_vAustralian
942 _2ddc
_cBK
_n0
999 _c4422
_d4422